000 00904nmc a2200289 a 4500
003 AR-BaBNM
005 20251128202932.0
008 067019s1981 ||||||||||||||000 | spa||
040 _cAR-BaBNM
100 1 _aMariluz Urquijo, José María
245 1 0 _aBilbao y Buenos Aires
_bproyectos dieciochescos de compañías de comercio
250 _a1ª ed.
260 _aBuenos Aires
_bUniversidad de Buenos Aires
_c1981
300 0 _a157 p.
490 0 _aIV centenario de Buenos Aires
_vv. 3
500 0 _aApéndice documental p. 151-157
650 4 _aHISTORIA ECONOMICA
650 4 _aHISTORIA DE BUENOS AIRES
650 4 _aHISTORIA COMERCIAL
650 4 _aVIRREINATO DEL RIO DE LA PLATA
651 4 _aBuenos Aires [Capital Federal]
710 2 _aUniversidad de Buenos Aires
800 1 _aMartiré, Eduardo
800 1 _aRípodas Ardanaz, Daisy
_edirector
942 _cBK
998 _cmariana
999 _c1215
_d1215